Nueva gramática de la lengua española : (Registro nro. 253)
[ vista simple ]
| 000 -Cabecera | |
|---|---|
| Campo de control interno | 00666nam a2200229Ia 4500 |
| 005 - Fecha y hora del registro | |
| control field | 20251203123022.0 |
| 008 - Elementos de Longitud Fija | |
| fixed length control field | 251203t2011||||xx |||||||||||||| ||spa|| |
| 020 ## - ISBN | |
| ISBN | 9786124070334 |
| 041 ## - Idioma | |
| Codigo Idioma | ESP |
| 082 ## - DEWEY y NOTACIÓN INTERNA | |
| Dewey | RO 465 |
| Notación Interna | R31 |
| 110 ## - AUTOR INSTTITUCIONAL | |
| Autor Institucional | Real Academia Española |
| 245 #0 - TÍTULO DE MATERIAL BIBLIOGRÁFICO | |
| Título | Nueva gramática de la lengua española : |
| Título paralelo | morfología, sintaxis. Volúmenes 1-14 |
| 250 ## - EDICIÓN | |
| Edición | Primera edición |
| 260 ## - CIUDAD, EDITORIAL, AÑO | |
| Ciudad | Lima : |
| Nombre de la Editorial | Editorial Planeta Perú, |
| Año | 2011 |
| 300 ## - DESCRIPCIÓN | |
| N° Páginas | 212 páginas : |
| Otros detalles | tablas ; |
| Dimensiones | 26 cm. |
| Material Adicional | |
| 440 ## - MENCIÓN DE SERIE | |
| Título de la Serie | |
| Número de Serie | |
| Volumen de Serie | |
| 650 ## - TEMAS | |
| Temas | Lenguas |
| 653 ## - DESCRIPTORES | |
| Lenguajes no controlado | Gramática de la lengua española; Colección |
| 654 ## - PROGRAMAS | |
| Programa | Todos los programas |
| 942 ## - ELEMENTOS DE KOHA | |
| Tipo de documento | Libro |
| Nombre del creador | Justo Noguera |
| Código de catalogador | Margarita Torres |
| Esquema de clasificación | Dewey Decimal Classification |
| Suppress in OPAC | |
| Codigo completo | Registro | Colección | Copia número | Disponibilidad | Tipo de préstamo | Biblioteca Actual | Procedencia (Biblioteca) | Ubicacón | Fecha Ingreso | Tipo de Adquisición | Date last seen | Total checkouts | Price effective from | Tipo de Item | Estado del Material | Fuente de Clasificación | Damaged status | Withdrawn status |
|---|---|---|---|---|---|---|---|---|---|---|---|---|---|---|---|---|---|---|
| RO 465 R31 | 1085126 | Colección Vera Bejar | 1 | Restringido | Víctor Andrés Belaunde | Víctor Andrés Belaunde | Planta baja cerrada | 03/12/2025 | Donación | 03/12/2025 | 03/12/2025 | Libro | Bueno | Dewey Decimal Classification | Withdrawn |




